Major Battles of the US Civil War - Statistics

General Stats
  • This quiz has been taken 97 times
  • The average score is 13 of 25
Answer Stats
Hint Answer % Correct
Virginia Bull Run (1)
94%
Virginia Bull Run (2)
94%
Pennsylvania Gettysburg
93%
South Carolina Fort Sumter
89%
Maryland Antietam
84%
Mississippi Vicksburg
81%
Georgia Atlanta
78%
Tennessee Shiloh
70%
Virginia Chancellorsville
61%
Virginia Petersburg
58%
Virginia Appomattox
56%
Virginia Fredericksburg
56%
Tennessee Chattanooga
55%
Georgia Chickamauga
51%
Virginia Cold Harbor
49%
Alabama Mobile
45%
Tennessee Fort Donelson
40%
Virginia Seven Days Battles
26%
Virginia Spotsylvania Court House
25%
Mississippi Corinth
24%
Tennessee Stones River
14%
Virginia Five Forks
8%
Louisiana Port Hudson
8%
Georgia Jonesborough
3%
Georgia Fort McAllister
0%
No matching quizzes found
Score Distribution
Percent of People with Each Score
Percentile by Number Answered
Your Score History
You have not taken this quiz